[Event "Leverkusen Bayer op 10th"]
[Site "Leverkusen"]
[Date "2012.03.21"]
[Round "6"]
[White "Duexmann, Marcel"]
[Black "Birnkott, Manfred"]
[Result "1/2-1/2"]
[WhiteElo "1663"]
[BlackElo "1850"]
[PlyCount "56"]
[EventDate "2012.01.11"]
[EventType "swiss"]
[EventRounds "7"]
[EventCountry "GER"]
[SourceTitle "EXT 2014"]
[Source "ChessBase"]
[SourceDate "2013.11.20"]
[SourceVersion "1"]
[SourceVersionDate "2013.11.20"]
[SourceQuality "1"]

1. d4 d5 2. c4 e6 3. e3 Nf6 4. Nf3 a6 5. b3 c5 6. Be2 Nc6 7. 0-0 Bd6 8. dxc5 Bxc5 9. Bb2 0-0 10. Nbd2 Qe7 11. Ne5 Nxe5 12. Bxe5 Rd8 13. Qc2 Bb4 14. Nf3 Ne4 15. Rfd1 Ng5 16. Nxg5 Qxg5 17. f4 Qe7 18. Bf3 f6 19. Bb2 Qc7 20. Rac1 Bc5 21. Bd4 Bxd4 22. Rxd4 dxc4 23. Qxc4 Qb6 24. Rxd8+ Qxd8 25. Rd1 Qb6 26. Qd4 Qxd4 27. Rxd4 Kf7 28. Rd8 Rb8 1/2-1/2

[Event "Leverkusen Bayer op 10th"]
[Site "Leverkusen"]
[Date "2012.03.07"]
[Round "5"]
[White "Scharff, Klaus"]
[Black "Duexmann, Marcel"]
[Result "1-0"]
[WhiteElo "1856"]
[BlackElo "1663"]
[PlyCount "41"]
[EventDate "2012.01.11"]
[EventType "swiss"]
[EventRounds "7"]
[EventCountry "GER"]
[SourceTitle "EXT 2014"]
[Source "ChessBase"]
[SourceDate "2013.11.20"]
[SourceVersion "1"]
[SourceVersionDate "2013.11.20"]
[SourceQuality "1"]

1. d4 Nf6 2. c4 g6 3. Nc3 Bg7 4. e4 d6 5. f4 c5 6. d5 e6 7. Nf3 exd5 8. cxd5 0-0 9. Be2 b5 10. e5 dxe5 11. fxe5 Ng4 12. Bg5 Qa5 13. 0-0 Nxe5 14. Nxe5 Bxe5 15. Be7 Bd4+ 16. Kh1 Re8 17. d6 Bb7 18. Bxb5 Nc6 19. Qf3 Nd8 20. Bxd8 Qxd8 21. Qxf7+ 1-0

[Event "Leverkusen Bayer op 10th"]
[Site "Leverkusen"]
[Date "2012.01.25"]
[Round "2"]
[White "Duexmann, Marcel"]
[Black "Barche, Uwe"]
[Result "1-0"]
[WhiteElo "1663"]
[BlackElo "1099"]
[PlyCount "65"]
[EventDate "2012.01.11"]
[EventType "swiss"]
[EventRounds "7"]
[EventCountry "GER"]
[SourceTitle "EXT 2014"]
[Source "ChessBase"]
[SourceDate "2013.11.20"]
[SourceVersion "1"]
[SourceVersionDate "2013.11.20"]
[SourceQuality "1"]

1. d4 e6 2. c4 b6 3. a3 Bb7 4. Nc3 Nf6 5. Qc2 d5 6. cxd5 exd5 7. Bg5 Be7 8. e3 Nbd7 9. Bd3 c5 10. Nf3 Qc7 11. Bf4 Qd8 12. 0-0 a6 13. Rfe1 0-0 14. Rad1 g6 15. Qb1 c4 16. Bc2 Re8 17. e4 b5 18. e5 Nh5 19. Bh6 Ng7 20. Bxg7 Kxg7 21. e6 fxe6 22. Rxe6 Nf6 23. Rde1 Bc8 24. Ng5 Bd6 25. Rxe8 Nxe8 26. Nxh7 Bxh2+ 27. Kxh2 Qh4+ 28. Kg1 Kxh7 29. Bxg6+ Kg7 30. Bxe8 Bd7 31. Qg6+ Kh8 32. Bxd7 Rg8 33. Re8 1-0

[Event "Solingen-ch"]
[Site "Solingen"]
[Date "2010.10.29"]
[Round "4"]
[White "Duexmann, Marcel"]
[Black "Speck, Stefan"]
[Result "0-1"]
[WhiteElo "1666"]
[BlackElo "2004"]
[PlyCount "118"]
[EventDate "2010.09.10"]
[EventType "swiss"]
[EventRounds "7"]
[EventCountry "GER"]
[SourceTitle "EXT 2012"]
[Source "ChessBase"]
[SourceDate "2011.11.24"]
[SourceVersion "1"]
[SourceVersionDate "2011.11.24"]
[SourceQuality "1"]

1. d4 d5 2. c4 c6 3. Nf3 Nf6 4. Nc3 dxc4 5. a4 Bg4 6. Ne5 Bh5 7. f3 Na6 8. Nxc4 e6 9. Bg5 Nb4 10. e4 Qxd4 11. Qxd4 Nc2+ 12. Kf2 Nxd4 13. Rd1 Bc5 14. Be3 0-0-0 15. e5 Ne8 16. Ne4 b6 17. b4 Bxb4 18. Rxd4 Rxd4 19. Bxd4 Bg6 20. Be2 Bxe4 21. fxe4 Nc7 22. Rd1 Rd8 23. Be3 Rxd1 24. Bxd1 Kd7 25. Bh5 b5 26. axb5 cxb5 27. Nb2 Bc3 28. Nd3 a5 29. Ke2 a4 30. Bc1 g6 31. Bf3 Kc6 32. Kd1 b4 33. Bd2 Bxd2 34. Kxd2 Kb5 35. Kc2 Na8 36. Nb2 Nb6 37. Be2+ Kc5 38. Nd3+ Kc4 39. Nb2+ Kd4 40. Bb5 b3+ 41. Kb1 a3 42. Na4 Nc4 43. Bxc4 Kxc4 44. Nb6+ Kc3 45. Na4+ Kd4 46. Nb6 Kxe4 47. Nc4 a2+ 48. Kb2 h5 49. Nd2+ Kxe5 50. Nxb3 Ke4 51. Kxa2 Ke3 52. Kb2 Kf2 53. Kc3 Kxg2 54. h4 Kg3 55. Kd4 Kxh4 56. Nd2 Kg4 57. Ke3 f5 58. Nf3 Kg3 59. Ng1 e5 0-1

[Event "Solingen op-B"]
[Site "Solingen"]
[Date "2005.05.29"]
[Round "7"]
[White "Werner, Markus"]
[Black "Duexmann, Marcel"]
[Result "1-0"]
[WhiteElo "1332"]
[BlackElo "1060"]
[PlyCount "47"]
[EventDate "2005.05.26"]
[EventType "swiss"]
[EventRounds "7"]
[EventCountry "GER"]
[SourceTitle "EXT 2006"]
[Source "ChessBase"]
[SourceDate "2005.11.24"]
[SourceVersion "1"]
[SourceVersionDate "2005.11.24"]
[SourceQuality "1"]

1. e4 e5 2. Nf3 Nc6 3. Bb5 a6 4. Bxc6 dxc6 5. d3 Bd6 6. 0-0 Nf6 7. h3 h6 8. Nc3 0-0 9. Be3 c5 10. Qd2 Be6 11. Nh2 b5 12. Ne2 c4 13. Rad1 c5 14. Rfe1 Qc7 15. dxc4 Nxe4 16. Qd3 Nxf2 17. Qxd6 Nxh3+ 18. gxh3 Qb7 19. Qxe5 Bxh3 20. Qg3 Bf5 21. Bxh6 Bg6 22. Be3 Qe4 23. Bxc5 Rfc8 24. Nd4 1-0